00962nam a2200241Ia 4500003000900000008004100009020001800050040001600068080002200084111010100106245015700207260004200364300001500406490002600421650004100447650003100488650001800519650002600537700003100563942000700594999001500601952010400616IN-BaIIA211028s9999 xx 000 0 eng d a90-277-0576-3 cIIA Library a082.2:52bIAU-S68 aInternational Astronomical Union Symposiumn68thcBuenos Aires, Argentinad1974 Jun. 11-1498509 0aSolar gamma, x-, and euv radiationbproceedings of the IAU symposium no. 68, held in Buenos Aires, Argentina, June 11-14, 1974cedited by Sharad R. Kane aDordrechtbD. Reidel Publishingc1975 axii, 439p. aIAU Symposium; no. 68 aAstronomy and Astrophysics Thesaurus aGamma rays astronomy98510 aSolar physics aX-ray astronomy97473 aKane, Sharad R., ed.98511 cBK c4785d4785 00104070aBANbBANcGENd1975-11-04l0o082.2:52/ IAU-S68p5351r2021-11-05w1975-11-04yBKGFree